History of the population and housing census on the territory of Slovakia
História a význam sčítania ľudu pre krajinu.
Salvato in:
| Autore principale: | |
|---|---|
| Altri autori: | |
| Natura: | Capitolo di libro |
| Lingua: | inglese |
| Soggetti: | |
| Tags: |
Nessun Tag, puoi essere il primo ad aggiungerne!!
|
MARC
| LEADER | 00000naa a2200000 4500 | ||
|---|---|---|---|
| 001 | 0158165 | ||
| 005 | 20240502072745.2 | ||
| 041 | 0 | |a eng | |
| 044 | |a SK | ||
| 245 | 1 | 0 | |a History of the population and housing census on the territory of Slovakia |c Ján Bolgáč, Daniela Sivašová |
| 520 | |a História a význam sčítania ľudu pre krajinu. | ||
| 610 | 2 | 0 | |a sčítanie ľudu |
| 610 | 2 | 0 | |a demografia |
| 610 | 2 | 0 | |a metódy štatistické |
| 610 | 2 | 0 | |a domácnosti |
| 610 | 2 | 0 | |a Slovensko |
| 100 | 1 | |a Bolgáč, Ján, 1959- | |
| 700 | 1 | |a Sivašová, Daniela, 1955- | |